| 000 | 01024nam a2200277 i 4500 | ||
|---|---|---|---|
| 003 | IT-RoINE | ||
| 005 | 20180312055256.0 | ||
| 008 | 161104s2017 maub |r 001|||eng|d | ||
| 020 | _a9780674045514 | ||
| 040 |
_aMH/DLC _cMH IT-RoINE _dDLC _dIT-RoINE |
||
| 100 | 1 |
_aFeros, Antonio _97569 |
|
| 245 | 1 | 0 |
_aSpeaking of Spain : _bthe evolution of race and nation in the Hispanic world / _cAntonio Feros. |
| 246 | 3 | 4 | _aEvolution of race and nation in the Hispanic world |
| 260 |
_aCambridge, Massachusetts : _bHarvard University Press, _c2017. |
||
| 300 |
_a367 p. : _bmapas ; _c24 cm. |
||
| 336 |
_2rdacontent _atext |
||
| 337 |
_2rdamedia _aunmediated |
||
| 338 |
_2rdacarrier _avolume |
||
| 500 | _aIncluye índice. | ||
| 504 | _aIncluye notas bibliográficas: p. 287-351. | ||
| 610 | 2 | 4 |
_aEspaña. _tConstitución, 1812 _914209 |
| 650 | 4 |
_aNacionalismo _910066 _zEspaña _xHistoria |
|
| 650 | 4 |
_aRacismo _zEspaña _xHistoria _945723 |
|
| 651 | 4 |
_aEspaña _938300 _xColonias _zAmérica _xHistoria |
|
| 942 | _cMTS | ||
| 999 |
_c23162 _d23162 |
||